[Event "Reunion op 14th"]
[Site "St Denis"]
[Date "2012.10.12"]
[Round "8"]
[White "Cazal, Julian"]
[Black "Cazal, Vincent"]
[Result "0-1"]
[WhiteElo "1130"]
[BlackElo "1490"]
[PlyCount "68"]
[EventDate "2012.10.06"]
[EventType "swiss"]
[EventRounds "9"]
[EventCountry "RUF"]
[SourceTitle "EXT 2013"]
[Source "ChessBase"]
[SourceDate "2012.11.22"]
[SourceVersion "1"]
[SourceVersionDate "2012.11.22"]
[SourceQuality "1"]

1. e4 c6 2. d4 d5 3. e5 e6 4. Nf3 Ne7 5. Nc3 Nf5 6. Bd3 Bb4 7. Bd2 Qb6 8. 0-0 Nxd4 9. Ng5 Nd7 10. Qh5 g6 11. Qh6 Bf8 12. Qh3 Nxe5 13. Na4 Qc7 14. Bf4 f6 15. Bxg6+ Ke7 16. Nc5 Ne2+ 17. Kh1 Nxf4 18. Qa3 Nfxg6 19. Ncxe6+ Qd6 20. Qxd6+ Kxd6 21. Nd4 fxg5 22. Nf5+ Bxf5 23. Rad1 Bxc2 24. Rd2 Be4 25. f3 Bd3 26. Rff2 Re8 27. g3 Bh6 28. h3 g4 29. Rd1 Nxf3 30. hxg4 Be4 31. Kg2 Rhf8 32. Kh3 Ng5+ 33. Kh2 Rxf2+ 34. Kg1 Nh3# 0-1

[Event "Reunion op 13th"]
[Site "St Denis"]
[Date "2011.10.03"]
[Round "4"]
[White "Cazal, Vincent"]
[Black "Roy, Chantal"]
[Result "1-0"]
[WhiteElo "1470"]
[BlackElo "1360"]
[PlyCount "27"]
[EventDate "2011.10.01"]
[EventType "swiss"]
[EventRounds "9"]
[EventCountry "RUF"]
[SourceTitle "EXT 2012"]
[Source "ChessBase"]
[SourceDate "2011.11.24"]
[SourceVersion "1"]
[SourceVersionDate "2011.11.24"]
[SourceQuality "1"]

1. e4 e5 2. f4 f6 3. fxe5 fxe5 4. Qh5+ g6 5. Qxe5+ Qe7 6. Qxh8 Nf6 7. Nc3 b6 8. Nd5 Nxd5 9. Qd4 Nc6 10. Qxd5 Bb7 11. d3 0-0-0 12. Bf4 Nb4 13. Qc4 Re8 14. Qxc7# 1-0

[Event "Reunion op 11th"]
[Site "St Denis"]
[Date "2009.10.17"]
[Round "9"]
[White "Poirel, Marie France"]
[Black "Cazal, Vincent"]
[Result "0-1"]
[WhiteElo "1260"]
[BlackElo "1250"]
[PlyCount "144"]
[EventDate "2009.10.10"]
[EventType "swiss"]
[EventRounds "9"]
[EventCountry "RUF"]
[SourceTitle "CBM 132 Extra"]
[Source "ChessBase"]
[SourceDate "2009.11.03"]
[SourceVersion "1"]
[SourceVersionDate "2009.11.03"]
[SourceQuality "1"]

1. Nf3 e6 2. g3 d5 3. Bg2 Nc6 4. d3 Nf6 5. Nbd2 Bd6 6. 0-0 Bd7 7. Re1 e5 8. e4 d4 9. Nc4 Qe7 10. Nxd6+ Qxd6 11. Bd2 Ng4 12. h3 Nh6 13. Nh2 f5 14. f4 exf4 15. Bxf4 Qg6 16. Qf3 0-0-0 17. e5 Qf7 18. Re2 Rhe8 19. Rae1 Be6 20. a3 Bd5 21. Qf2 Bxg2 22. Qxg2 Re6 23. Nf3 Qd7 24. Ng5 Re7 25. Nxh7 Rde8 26. Ng5 Nd8 27. b4 c6 28. Nf3 Nhf7 29. h4 Qd5 30. Ng5 Qa2 31. e6 Nxe6 32. Nxf7 Rxf7 33. Bc1 Rd8 34. Rxe6 f4 35. gxf4 Kd7 36. Qe2 Rh8 37. Re7+ Rxe7 38. Qxe7+ Kc8 39. Qxg7 Rg8 40. Re8+ Rxe8 41. Qg4+ Kb8 42. Qd1 Rg8+ 43. Kf2 Qd5 44. Qf3 Qd8 45. h5 Qh4+ 46. Ke2 Qh2+ 47. Qf2 Re8+ 48. Kf1 Qh1+ 49. Qg1 Re1+ 50. Kxe1 Qxg1+ 51. Kd2 Qe3+ 52. Kd1 Qf3+ 53. Kd2 Qxf4+ 54. Kd1 Qg4+ 55. Kd2 Qxh5 56. c3 Qh2+ 57. Kd1 dxc3 58. a4 c2+ 59. Ke1 Qg3+ 60. Kd2 Qf2+ 61. Kc3 Qe1+ 62. Kb2 Qxb4+ 63. Kxc2 Qxa4+ 64. Kd2 Qb3 65. Ke3 b5 66. Ke4 c5 67. Bf4+ Kb7 68. Bd6 c4 69. d4 Qd3+ 70. Ke5 Kc6 71. Bb4 Qe3+ 72. Kf5 Qxd4 0-1

[Event "Reunion op 10th"]
[Site "St Denis"]
[Date "2008.10.18"]
[Round "9"]
[White "Cazal, Vincent"]
[Black "Checkouri, Eloise"]
[Result "0-1"]
[WhiteElo "1300"]
[BlackElo "1190"]
[PlyCount "104"]
[EventDate "2008.10.11"]
[EventType "swiss"]
[EventRounds "9"]
[EventCountry "RUF"]
[SourceTitle "EXT 2009"]
[Source "ChessBase"]
[SourceDate "2008.11.26"]
[SourceVersion "1"]
[SourceVersionDate "2008.11.26"]
[SourceQuality "1"]

1. e4 e5 2. Nf3 Nc6 3. Bc4 h6 4. Nc3 Nf6 5. d3 Bc5 6. 0-0 d6 7. h3 0-0 8. Re1 Re8 9. Be3 Bxe3 10. Rxe3 Be6 11. Bxe6 Rxe6 12. Nd5 Nd4 13. Nxf6+ Qxf6 14. Nxd4 exd4 15. Rf3 Qe7 16. Qe1 c6 17. Qb4 c5 18. Qd2 Rf6 19. Rf4 Rxf4 20. Qxf4 Qe5 21. Qxe5 dxe5 22. Rc1 b6 23. c3 f6 24. g3 Rd8 25. f4 Kf7 26. Rf1 dxc3 27. fxe5 cxb2 28. exf6 Kg8 29. fxg7 Rxd3 30. Rf8+ Kxg7 31. Rf1 Rxg3+ 32. Kh2 Ra3 33. Rb1 Rxa2 34. Kg3 c4 35. Kf4 Kf6 36. e5+ Ke6 37. Ke4 c3 38. Kd3 Ra3 39. Re1 Ra1 40. Rxa1 bxa1Q 41. Kc2 Qb2+ 42. Kd3 c2 43. Ke3 c1R 44. Kf3 Rc3+ 45. Kg4 Ke7 46. h4 Qb4+ 47. Kh5 Rc5 48. Kxh6 Rxe5 49. h5 Kd7 50. Kg6 Qd6+ 51. Kg7 Re7+ 52. Kg8 Qb8# 0-1

[Event "Reunion op 10th"]
[Site "St Denis"]
[Date "2008.10.16"]
[Round "7"]
[White "Cazal, Vincent"]
[Black "Blard, Anthony"]
[Result "1-0"]
[WhiteElo "1300"]
[BlackElo "1360"]
[PlyCount "101"]
[EventDate "2008.10.11"]
[EventType "swiss"]
[EventRounds "9"]
[EventCountry "RUF"]
[SourceTitle "EXT 2009"]
[Source "ChessBase"]
[SourceDate "2008.11.26"]
[SourceVersion "1"]
[SourceVersionDate "2008.11.26"]
[SourceQuality "1"]

1. e4 e5 2. Nf3 Nc6 3. Bc4 Nf6 4. Nc3 Be7 5. d3 d6 6. h3 0-0 7. Be3 h6 8. 0-0 Bd7 9. Nd5 Nxd5 10. Bxd5 Qc8 11. c3 Be6 12. d4 Bxd5 13. exd5 Nd8 14. dxe5 dxe5 15. Nxe5 Bd6 16. Nf3 b6 17. c4 Nb7 18. b3 Rd8 19. Qd2 Bf8 20. Ne5 Bd6 21. Nc6 Re8 22. Rfe1 Nd8 23. Nxd8 Rxd8 24. Bf4 Bf8 25. Re3 a5 26. Rg3 Kh8 27. Qb2 Kh7 28. Qe5 Re8 29. Qxc7 Qxc7 30. Bxc7 Bc5 31. Rf3 f6 32. Bf4 Rad8 33. Be3 Bd6 34. Bxb6 Rd7 35. Bxa5 Rde7 36. Kf1 Re2 37. Bc3 Bc5 38. Re1 Rxe1+ 39. Bxe1 Re7 40. a4 Re8 41. b4 Bd4 42. d6 Ra8 43. Bc3 Bxc3 44. Rxc3 Rxa4 45. d7 Ra8 46. Rd3 Rd8 47. c5 Kg8 48. c6 Kf7 49. c7 Ke7 50. c8Q Rxc8 51. dxc8Q 1-0

[Event "Sainte Marie op"]
[Site "Sainte Marie"]
[Date "2005.10.23"]
[Round "9"]
[White "Cavillot, Sophie"]
[Black "Cazal, Vincent"]
[Result "1-0"]
[WhiteElo "1499"]
[BlackElo "1099"]
[PlyCount "75"]
[EventDate "2005.10.15"]
[EventType "swiss"]
[EventRounds "9"]
[EventCountry "FRA"]
[SourceTitle "EXT 2006"]
[Source "ChessBase"]
[SourceDate "2005.11.24"]
[SourceVersion "1"]
[SourceVersionDate "2005.11.24"]
[SourceQuality "1"]

1. e4 e5 2. Nf3 Bc5 3. Bc4 Nf6 4. Nc3 Ng4 5. d4 Bb6 6. h3 d5 7. Nxd5 Nh6 8. Nxb6 axb6 9. Nxe5 Nc6 10. Qh5 Rf8 11. 0-0 Na5 12. Bb5+ c6 13. Bxh6 gxh6 14. Be2 Be6 15. b3 Ke7 16. Qxh6 f6 17. Qxh7+ Kd6 18. Nf3 Rh8 19. e5+ fxe5 20. dxe5+ Kd5 21. Rad1+ Kc5 22. Rxd8 Rxh7 23. Rxa8 Kb4 24. Rd1 Bf5 25. Nd4 Bg6 26. e6 Ka3 27. Bd3 Rh6 28. Bxg6 Rxg6 29. e7 Re6 30. Nxe6 Kxa2 31. e8Q Kb2 32. Qg6 Nxb3 33. cxb3 Kxb3 34. Qb1+ Kc4 35. Qe4+ Kc3 36. Qd3+ Kb2 37. Rd2+ Kc1 38. Qc2# 1-0